Military coups and military regimes in Africa. (Record no. 169938)
[ view plain ]
| 000 -LEADER | |
|---|---|
| fixed length control field | 00840cam7a220026500 4500 |
| 001 - CONTROL NUMBER | |
| control field | zam00002664 |
| 008 - FIXED-LENGTH DATA ELEMENTS--GENERAL INFORMATION | |
| fixed length control field | 951128s1973 xx eng u |
| 035 ## - SYSTEM CONTROL NUMBER | |
| System control number | (Sirsi) r20014 |
| 035 ## - SYSTEM CONTROL NUMBER | |
| System control number | (MACHINE)SLC. |
| 100 1# - MAIN ENTRY--PERSONAL NAME | |
| Personal name | Decalo, Samuel. |
| Linkage | A23269.1 |
| 245 10 - TITLE STATEMENT | |
| Title | Military coups and military regimes in Africa. |
| 260 ## - PUBLICATION, DISTRIBUTION, ETC. | |
| Date of publication, distribution, etc. | 1973. |
| 591 ## - | |
| -- | Class code: PL 110. |
| 591 ## - | |
| -- | Course: Introduction to government and politics. |
| 591 ## - | |
| -- | School: S05. |
| 591 ## - | |
| -- | Lecturer: Dr. LAWSON, L.A. |
| 591 ## - | |
| -- | Number of Students: 170. |
| 949 ## - LOCAL PROCESSING INFORMATION (OCLC) | |
| a | DEC1-4MIL |
| w | lcc |
| i | -18269 |
| m | MAIN |
| t | BOOK |
| l | ON-SHELF |
| 949 ## - LOCAL PROCESSING INFORMATION (OCLC) | |
| a | DEC1-4MIL |
| w | lcc |
| m | MAIN |
| t | BOOK |
| l | ON-SHELF |
| 949 ## - LOCAL PROCESSING INFORMATION (OCLC) | |
| a | DEC1-4MIL |
| w | lcc |
| m | MAIN |
| t | BOOK |
| l | ON-SHELF |
| 949 ## - LOCAL PROCESSING INFORMATION (OCLC) | |
| a | DEC1-4MIL |
| w | lcc |
| m | MAIN |
| t | BOOK |
| l | ON-SHELF |
| 900 ## - EQUIVALENCE OR CROSS-REFERENCE-PERSONAL NAME [LOCAL, CANADA] | |
| -- | MAIN |
| Field link and sequence number | DEC1-4MIL |
| Titles and other words associated with a name | 4 |
| 909 ## - | |
| -- | Reprint |
No items available.